=LDR 00000nam 2200000 4500 =001 INLIS000000000036485 =005 20200811081116 =035 ##$$a 0010-061300000036485 =008 200811################g##########0#ind## =041 ##$$a Ind =082 ##$$a 2x7.307 6 =090 ##$$a 2x7.307 6, Fad t =100 ##$$a Fadlillah, Muhammad =245 1#$$a Tryout dan prediksi USBN pendirian agama islam SMA, /$c Muhammad Fadlillah, S.Pd.i ; penyunting, Nien =260 ##$$a Yogyakarta :$b Pustaka Widyatama,$c 2011 =300 ##$$a viii, 224 hlm, : $b ilus. ; $c 28 x 21 cm. =650 #4$$a Pendidikan agama islam-Soal dan pembahasan =850 ##$$a NBPNMAT =020 ##$$a 978-979-610-606-6 =084 ##$$a 2x7.307 6 FAD t =700 #$$a Nien =990 ##$$a 21101681 =990 ##$$a 00200020 =990 ##$$a 21101680 =990 ##$$a 21101681